Open Data Biblioteca Nacional de Portugal


República Portuguesa: Ministério da Cultura
Biblioteca Nacional de Portugal

Catálogo da BNP: acesso por Identificadores Unívocos
Registos Bibliográficos associados ao registo de autoridade

Etiqueta de registo: 00000nam 2200025 450
001 2288472
003 http://id.bnportugal.gov.pt/bib/catbnp/2288472
100 ## $a20260622d2025 k y0pory01030103ba
101 0# $apor$deng
102 ## $aPT
105 ## $ay m 000yy
106 ## $ar
200 1# $a Uma poética da curta-metragem$epricípios e estratégias da narrativa no filme breve de ficção$fPedro Moreira Flores de Oliveira$gorient. Maria de Fátima Chinita da Mata, José Alberto Olivença Duarte
210 #9 $aLisboa$c[s.n.],$d2025
215 ## $aX, 312 p.$d30 cm
328 #1 $aTese dout. Artes, Faculdade de Belas-Artes, Universidade de Lisboa, 2025
700 #1 $aOliveira,$bPedro Moreira Flores de$32001238
702 #1 $aMata,$bMaria de Fátima Chinita da$4727$31400338
702 #1 $aDuarte,$bJosé Alberto Olivença$4727$31451793
801 #0 $aPT$bBN$gRPC
971 ## $corlando$d20260622

OpendataBNP@bnportugal.pt | Mais informação sobre acesso aos dados BNP